000 00478 a2200169 4500
003 OSt
005 20231229122425.0
008 231229b |||||||| |||| 00| 0 eng d
020 _a9788181430915
040 _coclc
082 _a891.433
_bBHA/K
100 _aBhandari, Manu
_910231
245 _aKATHA PATKATHA /
_c Mannu Bhandari,
260 _aNew Delhi:
_bVani Prakashan,
_c2020
300 _a216p
942 _2ddc
_cBK
_h891.433
_iBHA/K
_k891.433
_mBHA/K
999 _c43623
_d43623